Missing Word: Two-Word Albums (A-Z) Quiz Stats

Quiz Updated Sep 23, 2014

Also try: Two-Word Albums
Challenge
Share
Tweet
Embed
Score 0/26 Timer 03:00
1 Play Today
Song Missing Word (A-Z) % Correct
_____ RoadAbbey
95.2%
_____ CaliforniaHotel
94.6%
_____ RainPurple
93.3%
_____ FataleFemme
88.5%
American _____Idiot
78.8%
Definitely _____Maybe
78.1%
_____ CallingLondon
75%
Loving _____You
74.4%
Achtung _____Baby
66.7%
Reasonable _____Doubt
65.8%
_____/OrEither
59.7%
Speak _____Now
58%
_____ DreamTeenage
57.3%
Song Missing Word (A-Z) % Correct
In _____Utero
53.6%
Wowee _____Zowee
49.7%
Acid _____Queen
47.6%
Pet _____Sounds
47.2%
Physical _____Graffiti
43%
OK _____Computer
41.9%
Permanent _____Vacation
41.3%
_____ HenryJohn
34.9%
Tragic _____Kingdom
30.4%
Emotional _____Rescue
30.3%
Astral _____Weeks
18.9%
Mylo _____Xyloto
18.7%
channel _____ORANGE
12.7%

Today's Daily Dose

Missing Word
The Killers Songs

Word Ladder
1967 Film

Quick Pick
Flag Names

On This Day
February 24th II

You're not logged in!

Compare scores with friends on all Sporcle quizzes.
Sign Up with Email
OR
Log In

You Might Also Like...

Show Comments

Extras

Top Quizzes Today


Score Distribution

Your Account Isn't Verified!

In order to create a playlist on Sporcle, you need to verify the email address you used during registration. Go to your Sporcle Settings to finish the process.